000 00242 a2200109 4500
001 51035
040 _cAnchieta - Pituba
240 1 0 _aLiteromania 2001
_l
245 1 0 _aLiteromania 2001
650 4 _aLĂ­nguas espanhola e portuguesa
942 _cMX
999 _c51035
_d51035